Statistics for Prog rock and progressive music bands by albums

Click here to take the quiz!

General Stats

  • This quiz has been taken 173 times
  • The average score is 8 of 25

Answer Stats

HintAnswer% Correct
Meddle (1970)Pink Floyd
91%
Red (1974)King Crimson
90%
Nursery Cryme (1971)Genesis
85%
Tubular Bells (1973)Mike Oldfield
69%
Moonmadness (1976)Camel
58%
Focus II/Moving waves (1971)Focus
55%
Three Friends (1972)Gentle Giant
54%
Stormwatch (1979)Jethro Tull
49%
The least we can do is wave to each other (1969)Van der Graaf Generator
45%
In the Land of Grey and Pink (1971)Caravan
44%
Third (1970)Soft Machine
33%
The Turn of a Friendly Card (1980)The Alan Parsons Project
26%
Storia di un minuto (1972)Premiata Forneria Marconi
25%
Darwin! (1972)Banco del Mutuo Soccorso
14%
The Polite Force (1971)Egg
13%
Quatermass (1970)Quatermass
12%
Tanz der Lemminge (1971)Amon Düül II
11%
Fool's mate (1971)Peter Hammill
10%
Arbeit macht Frei (1973)Area
9%
Performance (1983)Eloy
9%
Visions of the Emerald Beyond (1975)Mahavishnu Orchestra
7%
Symphonie pour le jour où brûleront le cités (1976)Art Zoyd
6%
Zarathustra (1973)Museo Rosenbach
6%
Ceux du dehors (1981)Univers zero
5%
Pictures (1977)Island
2%

Score Distribution

Percentile by Number Answered

Percent of People with Each Score

Your Score History

You have not taken this quiz